[Event "III IRT NAVIDAD ALZIRA 2013"]
[Site "CLUB AJEDREZ ALZIRA, C/ Pedro "]
[Date "2013.12.27"]
[Round "1"]
[White "Montalban Galvez, Antonio"]
[Black "Gonzalvez Tamarit, Ruben"]
[Result "1-0"]
[WhiteElo "2183"]
[BlackElo "1703"]
[PlyCount "135"]
[EventDate "2013.12.27"]
[EventRounds "7"]
[EventCountry "ESP"]

1. d4 Nf6 2. Nf3 e6 3. c4 c5 4. g3 Nc6 5. d5 Ne7 6. Nc3 exd5 7. cxd5 d6 8. Bg2
Ng6 9. O-O Be7 10. a4 O-O 11. h3 Re8 12. Nd2 b6 13. Nc4 Bf8 14. Re1 Ne5 15.
Nxe5 Rxe5 16. e4 Re8 17. f4 Nd7 18. b3 f5 19. Bb2 fxe4 20. Nxe4 Be7 21. Qc2 Bb7
22. g4 Rf8 23. Qc3 Bf6 24. Nxf6+ Qxf6 25. Qxf6 Nxf6 26. Re7 Rf7 27. Bxf6 gxf6
28. Rae1 Kf8 29. R7e3 a6 30. Bf1 Rd8 31. Bc4 Rdd7 32. Re8+ Kg7 33. Kf2 Rf8 34.
R8e3 Rff7 35. Kg3 Kf8 36. Re8+ Kg7 37. f5 Kh6 38. Kf4 Kg7 39. h4 Rf8 40. R8e3
h6 41. Rg1 Rg8 42. Rge1 Kf7 43. R1e2 Rg7 44. Re8 Rg8 45. Rxg8 Kxg8 46. g5 hxg5+
47. hxg5 fxg5+ 48. Kxg5 Rg7+ 49. Kf6 Rf7+ 50. Ke6 Bc8+ 51. Kxd6 Bxf5 52. Kc6
Rf6+ 53. Kc7 b5 54. axb5 axb5 55. Bxb5 Rf7+ 56. Kb6 Rf8 57. Kxc5 Rc8+ 58. Bc6
Kf7 59. b4 Bd3 60. Re3 Ba6 61. b5 Bb7 62. Kb6 Bxc6 63. dxc6 Rb8+ 64. Kc5 Rh8
65. c7 Rh5+ 66. Kc6 Rh6+ 67. Kb7 Rh5 68. b6 1-0

[Event "III IRT NAVIDAD ALZIRA 2013"]
[Site "CLUB AJEDREZ ALZIRA, C/ Pedro "]
[Date "2013.12.27"]
[Round "1"]
[White "Miquel Juan, Marcelo"]
[Black "Pena Riasco, Alexander"]
[Result "0-1"]
[WhiteElo "1691"]
[BlackElo "2164"]
[PlyCount "68"]
[EventDate "2013.12.27"]
[EventRounds "7"]
[EventCountry "ESP"]

1. e4 d5 2. exd5 Qxd5 3. Nc3 Qa5 4. d4 Nf6 5. Nf3 c6 6. Bc4 Bf5 7. Bd2 e6 8.
Nd5 Qd8 9. Nxf6+ gxf6 10. Qe2 Bxc2 11. O-O Nd7 12. Rfe1 Nb6 13. Bxe6 fxe6 14.
Qxe6+ Be7 15. Ba5 Rf8 16. Bxb6 axb6 17. d5 cxd5 18. Nd4 Bg6 19. Nb5 Qd7 20.
Qxb6 Kf7 21. a4 Rfc8 22. Rec1 Rxc1+ 23. Rxc1 Rc8 24. Rd1 Rc2 25. Nc3 Qc6 26.
Qxc6 bxc6 27. a5 Bb4 28. a6 Bc5 29. h3 Rxf2 30. b4 Ba7 31. Kh2 Rc2 32. Nxd5
cxd5 33. Rxd5 Rxg2+ 34. Kh1 Ke6 0-1

[Event "III IRT NAVIDAD ALZIRA 2013"]
[Site "CLUB AJEDREZ ALZIRA, C/ Pedro "]
[Date "2013.12.27"]
[Round "1"]
[White "Carrasco Sagredo, Manuel"]
[Black "Barrachina Blanco, Francisco"]
[Result "1-0"]
[WhiteElo "2148"]
[BlackElo "1682"]
[PlyCount "67"]
[EventDate "2013.12.27"]
[EventRounds "7"]
[EventCountry "ESP"]

1. Nf3 d5 2. b3 Nf6 3. Bb2 Bg4 4. e3 Nbd7 5. Be2 e6 6. O-O c5 7. d3 Bd6 8. Nbd2
Qc7 9. h3 h5 10. Re1 Bf5 11. Bf1 O-O-O 12. Qe2 g5 13. e4 g4 14. Nh4 gxh3 15.
exf5 Bh2+ 16. Kh1 hxg2+ 17. Bxg2 Rhg8 18. fxe6 Ng4 19. exd7+ Rxd7 20. Ndf3 d4
21. Qf1 f6 22. Re2 Rdg7 23. Rae1 Kd8 24. c3 Be5 25. cxd4 cxd4 26. Rc1 Qd7 27.
Bh3 Qd5 28. Re4 f5 29. Nxf5 Rf7 30. Bxg4 hxg4 31. Nxe5 Rxf5 32. Qg2 Rh8+ 33.
Kg1 Rfh5 34. Nf7+ 1-0

[Event "III IRT NAVIDAD ALZIRA 2013"]
[Site "CLUB AJEDREZ ALZIRA, C/ Pedro "]
[Date "2013.12.27"]
[Round "1"]
[White "Cubells Vazquez, Pablo"]
[Black "Colls Gelaberto, Emili"]
[Result "0-1"]
[WhiteElo "1676"]
[BlackElo "2147"]
[PlyCount "60"]
[EventDate "2013.12.27"]
[EventRounds "7"]
[EventCountry "ESP"]

1. e4 c6 2. Nc3 d5 3. Nf3 Bg4 4. exd5 cxd5 5. Bb5+ Nc6 6. h3 Bxf3 7. Qxf3 Nf6
8. d3 e6 9. O-O Be7 10. Bf4 O-O 11. Rad1 Nd4 12. Qg3 Nh5 13. Qg4 Nxf4 14. Qxf4
Qb6 15. Ba4 Qb4 16. Qe3 b5 17. Bb3 Nxb3 18. a3 Qd6 19. Nxb5 Qc5 20. cxb3 Qxb5
21. d4 Rac8 22. g4 Rc2 23. g5 Rfc8 24. h4 Rxb2 25. b4 Qe2 26. Qg3 Qh5 27. Rc1
Rxc1 28. Rxc1 h6 29. Rc8+ Kh7 30. Qd3+ Qg6 0-1

[Event "III IRT NAVIDAD ALZIRA 2013"]
[Site "CLUB AJEDREZ ALZIRA, C/ Pedro "]
[Date "2013.12.27"]
[Round "1"]
[White "Madero, Sergio"]
[Black "Gomez Maestro, Gustavo"]
[Result "1-0"]
[WhiteElo "2127"]
[BlackElo "1665"]
[PlyCount "81"]
[EventDate "2013.12.27"]
[EventRounds "7"]
[EventCountry "ESP"]

1. Nf3 e6 2. c4 f5 3. g3 Nf6 4. Bg2 c6 5. O-O d5 6. Qc2 Bd6 7. d3 Qe7 8. Nbd2
O-O 9. e4 Nbd7 10. exf5 exf5 11. Re1 Qf7 12. Ng5 Qg6 13. Ndf3 h6 14. Nh3 dxc4
15. Qxc4+ Nd5 16. Nd4 N7f6 17. Nxc6 Qf7 18. Nd4 Bd7 19. Bd2 Rac8 20. Qb3 Bc5
21. Nf3 Ng4 22. Nfg5 Qh5 23. Qxd5+ Kh8 24. Qxd7 hxg5 25. Be3 f4 26. Bxc5 Rxc5
27. Qe7 Rcf5 28. f3 Nxh2 29. Kxh2 fxg3+ 30. Kg1 g4 31. fxg4 Qxg4 32. Re4 Qg6
33. Qxf8+ Rxf8 34. Rh4+ Kg8 35. Bd5+ Rf7 36. Rf1 Qb6+ 37. d4 Qxb2 38. Rxf7 Qh2+
39. Kf1 g2+ 40. Ke1 Qg3+ 41. Rf2# 1-0

[Event "III IRT NAVIDAD ALZIRA 2013"]
[Site "CLUB AJEDREZ ALZIRA, C/ Pedro "]
[Date "2013.12.27"]
[Round "1"]
[White "Ramos Verdu, Juan Manuel"]
[Black "Uran Bermudez, Oliver Kevin"]
[Result "0-1"]
[WhiteElo "1652"]
[BlackElo "2101"]
[PlyCount "30"]
[EventDate "2013.12.27"]
[EventRounds "7"]
[EventCountry "ESP"]

1. d4 d5 2. c4 c6 3. Nc3 Nf6 4. Nf3 e6 5. Bg5 Qb6 6. Qb3 dxc4 7. Qxc4 Qxb2 8.
Rb1 Qa3 9. Rb3 Qa5 10. Bd2 Nbd7 11. e4 Be7 12. Nb5 cxb5 13. Qxc8+ Rxc8 14. Bxa5
Nxe4 15. Bxb5 Rc1+ 0-1

[Event "III IRT NAVIDAD ALZIRA 2013"]
[Site "CLUB AJEDREZ ALZIRA, C/ Pedro "]
[Date "2013.12.27"]
[Round "1"]
[White "Barbero Verdu, Francisco"]
[Black "Ull Molina, Daniel"]
[Result "1-0"]
[WhiteElo "2077"]
[BlackElo "1652"]
[PlyCount "103"]
[EventDate "2013.12.27"]
[EventRounds "7"]
[EventCountry "ESP"]

1. c4 c5 2. Nc3 Nc6 3. g3 Nf6 4. Bg2 g6 5. e3 Bg7 6. Nge2 O-O 7. O-O d6 8. h3
e5 9. d3 Be6 10. a3 Qd7 11. Kh2 Rab8 12. Rb1 Ne8 13. b4 b6 14. Bd2 f5 15. Nd5
Nf6 16. Nec3 Ne7 17. Nxe7+ Qxe7 18. f4 Rfd8 19. Qe2 h6 20. e4 Re8 21. Rbe1 a5
22. b5 Kh7 23. a4 h5 24. Nd5 Nxd5 25. exd5 Bd7 26. Qf2 Qf7 27. Bf3 Re7 28. g4
fxg4 29. hxg4 Rh8 30. gxh5 Kg8 31. Kg2 Qf5 32. Rh1 gxh5 33. Qe2 h4 34. Reg1 Kf8
35. Be4 Qf6 36. fxe5 Qxe5 37. Rf1+ Kg8 38. Bf4 h3+ 39. Kh2 Qf6 40. Rhg1 Bf5 41.
Qf3 Bxe4 42. dxe4 Rh7 43. Qg3 Qb2+ 44. Rf2 Qd4 45. Bxd6 Rf7 46. Rxf7 Kxf7 47.
Rf1+ Bf6 48. e5 Rg7 49. Rxf6+ Kg8 50. Rf8+ Kh7 51. Qxh3+ Kg6 52. Qf5+ 1-0

[Event "III IRT NAVIDAD ALZIRA 2013"]
[Site "CLUB AJEDREZ ALZIRA, C/ Pedro "]
[Date "2013.12.27"]
[Round "1"]
[White "Cubells Izquierdo, Jose"]
[Black "Ribera Cebolla, Marc"]
[Result "0-1"]
[WhiteElo "1647"]
[BlackElo "2034"]
[PlyCount "108"]
[EventDate "2013.12.27"]
[EventRounds "7"]
[EventCountry "ESP"]

1. e4 c5 2. Nf3 e6 3. g3 d5 4. exd5 exd5 5. Qe2+ Be7 6. Bg2 Nf6 7. O-O O-O 8.
d4 Re8 9. dxc5 Bxc5 10. Qb5 Ne4 11. Nbd2 a6 12. Qd3 Nc6 13. Nxe4 dxe4 14. Qxd8
Rxd8 15. Ng5 f5 16. c3 Ne5 17. b4 Bb6 18. Bf4 Nd3 19. Nh3 Be6 20. a3 Rac8 21.
Bd2 Nxf2 22. Nxf2 Rxd2 23. Rac1 e3 24. Bxb7 exf2+ 25. Kg2 Bd5+ 26. Bxd5+ Rxd5
27. c4 Rd2 28. c5 Bd8 29. Rxf2 Rxf2+ 30. Kxf2 Kf7 31. Rd1 Be7 32. Ke2 a5 33.
Rb1 Ke6 34. Kd3 Kd5 35. Kc3 Bf6+ 36. Kb3 g5 37. Rd1+ Ke4 38. Re1+ Kf3 39. Rf1+
Kg4 40. Kc4 axb4 41. axb4 Be7 42. Rf2 f4 43. gxf4 gxf4 44. Kd5 Bh4 45. Rf1 f3
46. b5 f2 47. b6 Kf3 48. b7 Rd8+ 49. Ke6 Bg5 50. c6 Bf4 51. Ke7 Rg8 52. Kd7 Kg2
53. Rxf2+ Kxf2 54. c7 Rg7+ 0-1

[Event "III IRT NAVIDAD ALZIRA 2013"]
[Site "CLUB AJEDREZ ALZIRA, C/ Pedro "]
[Date "2013.12.27"]
[Round "1"]
[White "Roca Cruz, Rafael"]
[Black "Gonzalvez Tamarit, Ivan"]
[Result "0-1"]
[WhiteElo "1997"]
[BlackElo "1645"]
[PlyCount "72"]
[EventDate "2013.12.27"]
[EventRounds "7"]
[EventCountry "ESP"]

1. d4 Nf6 2. Nf3 e6 3. c4 c5 4. e3 b6 5. Nc3 Bb7 6. d5 exd5 7. Nxd5 Nxd5 8.
cxd5 d6 9. Bb5+ Nd7 10. Qd3 a6 11. Ba4 b5 12. Bc2 g6 13. Bd2 Bg7 14. Bc3 Nf6
15. e4 O-O 16. O-O b4 17. Be1 a5 18. Bb3 Re8 19. Nd2 Nd7 20. Nc4 Ba6 21. Qc2
Ne5 22. a4 Nxc4 23. Bxc4 Bxc4 24. Qxc4 Bxb2 25. Ra2 Bd4 26. Re2 Qd7 27. Kh1
Qxa4 28. f4 Qd7 29. Bg3 Rab8 30. e5 Qb5 31. Qc2 b3 32. Qe4 b2 33. Rb1 a4 34. e6
fxe6 35. dxe6 a3 36. e7 a2 0-1

[Event "III IRT NAVIDAD ALZIRA 2013"]
[Site "CLUB AJEDREZ ALZIRA, C/ Pedro "]
[Date "2013.12.27"]
[Round "1"]
[White "Dominguez Gandia, Jose Miguel"]
[Black "Gonzalvez Perales, Jose Luis"]
[Result "0-1"]
[WhiteElo "1579"]
[BlackElo "1986"]
[PlyCount "140"]
[EventDate "2013.12.27"]
[EventRounds "7"]
[EventCountry "ESP"]

1. d4 Nf6 2. c4 c5 3. d5 b5 4. cxb5 a6 5. e3 g6 6. Nc3 Bg7 7. g3 O-O 8. Bg2 d6
9. Nge2 axb5 10. Nxb5 Ba6 11. Nbc3 Nbd7 12. O-O Nb6 13. Re1 Qc7 14. Qc2 Rfb8
15. e4 Ng4 16. h3 Ne5 17. Rd1 Ra7 18. Rb1 Na4 19. b3 Bxe2 20. Nxe2 Rab7 21. Bd2
Nb6 22. f4 Ned7 23. Rdc1 Rc8 24. Bc3 Nf6 25. Bxf6 Bxf6 26. e5 Bg7 27. Be4 Ra7
28. e6 f5 29. Bg2 Ra3 30. Rd1 Rca8 31. Nc1 Qa7 32. Kh1 Qa5 33. g4 fxg4 34. hxg4
Qb4 35. Rf1 Qd4 36. Ne2 Qb4 37. Nc1 Qd4 38. Qd1 Qf6 39. g5 Qf5 40. Qd3 Qxd3 41.
Nxd3 Rxa2 42. Rf2 Rxf2 43. Nxf2 Ra2 44. Ng4 Rd2 45. Ne3 Rd3 46. Nc4 Nxd5 47.
Bxd5 Rxd5 48. Kg2 Bc3 49. Ne3 Rd3 50. Nc4 Bd4 51. b4 Rc3 52. Nb6 cxb4 53. Rxb4
Bxb6 54. Rxb6 Re3 55. Rb8+ Kg7 56. Rb5 Rxe6 57. Kf3 h6 58. Rd5 hxg5 59. fxg5
Kf7 60. Rd4 Re5 61. Kf4 Ke6 62. Rd1 Rf5+ 63. Kg4 d5 64. Ra1 Re5 65. Ra6+ Kf7
66. Ra7 Re6 67. Rd7 Rd6 68. Ra7 d4 69. Kf4 d3 70. Ke5 d2 0-1

[Event "III IRT NAVIDAD ALZIRA 2013"]
[Site "CLUB AJEDREZ ALZIRA, C/ Pedro "]
[Date "2013.12.27"]
[Round "2"]
[White "Garcia Sancho, Josep"]
[Black "Montalban Galvez, Antonio"]
[Result "0-1"]
[WhiteElo "1770"]
[BlackElo "2183"]
[PlyCount "46"]
[EventDate "2013.12.27"]
[EventRounds "7"]
[EventCountry "ESP"]

1. d4 Nf6 2. c4 g6 3. Nf3 Bg7 4. Nc3 d6 5. g3 O-O 6. Bg2 c6 7. O-O Nbd7 8. e4
e5 9. Be3 Ng4 10. Bg5 Qb6 11. Be7 Re8 12. Bxd6 exd4 13. Na4 Qa6 14. b3 b5 15.
Nb2 d3 16. e5 Ndxe5 17. Nxe5 Nxe5 18. cxb5 Qxb5 19. Rc1 Bg4 20. f3 Bf5 21. f4
Ng4 22. Nc4 Re2 23. Bf3 Bd4+ 0-1

[Event "III IRT NAVIDAD ALZIRA 2013"]
[Site "CLUB AJEDREZ ALZIRA, C/ Pedro "]
[Date "2013.12.27"]
[Round "2"]
[White "Pena Riasco, Alexander"]
[Black "Galiana Fernandez, Adrian"]
[Result "1-0"]
[WhiteElo "2164"]
[BlackElo "1782"]
[PlyCount "97"]
[EventDate "2013.12.27"]
[EventRounds "7"]
[EventCountry "ESP"]

1. e4 c5 2. Nf3 e6 3. d4 cxd4 4. Nxd4 Nf6 5. Nc3 Bb4 6. Bd3 Nc6 7. Nxc6 dxc6 8.
O-O e5 9. Bg5 h6 10. Bh4 Be6 11. Qe2 g5 12. Bg3 Qc7 13. Bc4 Bxc4 14. Qxc4 Bd6
15. Rad1 O-O-O 16. Rd3 Nh5 17. Nd1 Nf4 18. Rd2 h5 19. Ne3 Ne6 20. h4 gxh4 21.
Bxh4 Be7 22. Rxd8+ Rxd8 23. Bxe7 Qxe7 24. Qe2 Qg5 25. Qf3 Nd4 26. Qh3+ Kc7 27.
Rd1 Ne2+ 28. Kf1 Rxd1+ 29. Nxd1 Qd2 30. Qd3 Qxd3 31. cxd3 Nf4 32. g3 Nxd3 33.
Kg2 Ne1+ 34. Kh3 Nf3 35. g4 hxg4+ 36. Kxg4 Nd4 37. Kg5 Kd6 38. Kf6 Ne6 39. Ne3
Nc5 40. Nc4+ Kc7 41. f3 Nd3 42. Nxe5 Nxe5 43. Kxe5 Kd7 44. Kf6 Ke8 45. e5 c5
46. a4 b6 47. e6 fxe6 48. Kxe6 Kd8 49. Kd6 1-0

[Event "III IRT NAVIDAD ALZIRA 2013"]
[Site "CLUB AJEDREZ ALZIRA, C/ Pedro "]
[Date "2013.12.27"]
[Round "2"]
[White "Fernandez Sanchez, Vicente"]
[Black "Carrasco Sagredo, Manuel"]
[Result "0-1"]
[WhiteElo "1765"]
[BlackElo "2148"]
[PlyCount "100"]
[EventDate "2013.12.27"]
[EventRounds "7"]
[EventCountry "ESP"]

1. Nf3 Nf6 2. e3 e6 3. b3 Be7 4. Bb2 O-O 5. Be2 c5 6. O-O b6 7. Ne5 a6 8. Bf3
Ra7 9. d4 d6 10. dxc5 dxe5 11. Qxd8 Bxd8 12. Bxe5 Nbd7 13. Bd6 Nxc5 14. Bxf8
Kxf8 15. Rd1 Ke7 16. c4 Nce4 17. Nd2 Nxd2 18. Rxd2 Bc7 19. Rad1 g5 20. h3 h5
21. g3 g4 22. hxg4 hxg4 23. Bc6 e5 24. e4 Be6 25. Kg2 Nh7 26. Bd7 Ng5 27. Bxe6
Kxe6 28. Re2 Bd6 29. Rd5 Ra8 30. Re1 Rh8 31. Rdd1 Bc5 32. Re2 Nf3 33. Rh1 Rd8
34. Rh6+ Ke7 35. Rh5 Kf6 36. Rh6+ Kg7 37. Rh5 Kg6 38. Rh1 Rd3 39. Rf1 a5 40.
Rc2 Rd4 41. Re2 Bb4 42. Rh1 f6 43. Rh8 Kg7 44. Rh5 Bf8 45. Rh1 Kg6 46. Rh8 Bh6
47. Rg8+ Bg7 48. Re3 Rd1 49. Rxf3 gxf3+ 50. Kxf3 Rd6 0-1

[Event "III IRT NAVIDAD ALZIRA 2013"]
[Site "CLUB AJEDREZ ALZIRA, C/ Pedro "]
[Date "2013.12.27"]
[Round "2"]
[White "Colls Gelaberto, Emili"]
[Black "Santamaria Bo, Jose Maria"]
[Result "1-0"]
[WhiteElo "2147"]
[BlackElo "1756"]
[PlyCount "65"]
[EventDate "2013.12.27"]
[EventRounds "7"]
[EventCountry "ESP"]

1. Nf3 e6 2. d4 Nf6 3. g3 d5 4. Bg2 Nbd7 5. O-O Bd6 6. c4 dxc4 7. Qa4 O-O 8.
Qxc4 Nb6 9. Qc2 c6 10. e4 Bc7 11. Nc3 h6 12. b3 Nbd7 13. Rd1 Qe7 14. a4 Rd8 15.
Ba3 Qe8 16. e5 Nd5 17. Ne4 Nb8 18. Nfd2 b5 19. Nd6 Bxd6 20. Bxd6 f5 21. axb5
cxb5 22. Bxb8 Rxb8 23. Rxa7 Bb7 24. Nf1 Rdc8 25. Qd2 Rc7 26. Bxd5 exd5 27. Qf4
Qd8 28. e6 Qe7 29. Qxf5 Bc8 30. Rxc7 Qxc7 31. Qxd5 Qe7 32. Qe5 Rb6 33. d5 1-0

[Event "III IRT NAVIDAD ALZIRA 2013"]
[Site "CLUB AJEDREZ ALZIRA, C/ Pedro "]
[Date "2013.12.27"]
[Round "2"]
[White "Uran Bermudez, Oliver Kevin"]
[Black "Vila Tormo, Eduardo"]
[Result "1-0"]
[WhiteElo "2101"]
[BlackElo "1718"]
[PlyCount "57"]
[EventDate "2013.12.27"]
[EventRounds "7"]
[EventCountry "ESP"]

1. e4 c5 2. Nf3 Nc6 3. d4 cxd4 4. Nxd4 Nf6 5. Nc3 d6 6. Be2 e6 7. Be3 a6 8. Qd2
Bd7 9. f3 Be7 10. g4 O-O 11. O-O-O Rc8 12. Kb1 Ne5 13. g5 Ne8 14. f4 Nc4 15.
Bxc4 Rxc4 16. f5 e5 17. Nde2 Qc8 18. f6 Bd8 19. fxg7 Nxg7 20. Qxd6 Bg4 21. Rhe1
Ba5 22. Nd5 Kh8 23. Qh6 Bh5 24. Ng3 Bg6 25. Re2 Rd8 26. h4 Rc6 27. Rc1 Bh5 28.
Nf6 Rxf6 29. gxf6 1-0

[Event "III IRT NAVIDAD ALZIRA 2013"]
[Site "CLUB AJEDREZ ALZIRA, C/ Pedro "]
[Date "2013.12.27"]
[Round "2"]
[White "Llopis Domenech, Joan"]
[Black "Barbero Verdu, Francisco"]
[Result "0-1"]
[WhiteElo "1743"]
[BlackElo "2077"]
[PlyCount "58"]
[EventDate "2013.12.27"]
[EventRounds "7"]
[EventCountry "ESP"]

1. d4 Nf6 2. c4 e5 3. d5 Bc5 4. Nf3 d6 5. Nc3 e4 6. Nd4 Qe7 7. Nb3 e3 8. Nxc5
exf2+ 9. Kxf2 dxc5 10. Qd3 Nbd7 11. e4 Ne5 12. Qc2 Nfg4+ 13. Kg1 h5 14. h3 Nh6
15. Bf4 g5 16. Bh2 Bd7 17. d6 Qxd6 18. Rd1 Qe6 19. Qd2 O-O-O 20. Qxg5 f6 21.
Qxh5 Nhg4 22. Qf5 Qxf5 23. exf5 Nxh2 24. Kxh2 Rdg8 25. g4 Nxg4+ 26. Kg3 Ne3+
27. Kf4 Nxd1 28. Nxd1 Rh4+ 29. Kf3 Bc6+ 0-1

[Event "III IRT NAVIDAD ALZIRA 2013"]
[Site "CLUB AJEDREZ ALZIRA, C/ Pedro "]
[Date "2013.12.27"]
[Round "2"]
[White "Ribera Cebolla, Marc"]
[Black "Rubio Tent, Pedro"]
[Result "1-0"]
[WhiteElo "2034"]
[BlackElo "1560"]
[PlyCount "37"]
[EventDate "2013.12.27"]
[EventRounds "7"]
[EventCountry "ESP"]

1. e4 c5 2. Nf3 Nc6 3. Bb5 d6 4. Bxc6+ bxc6 5. O-O e5 6. Re1 Nf6 7. c3 Be7 8.
d4 cxd4 9. cxd4 Bg4 10. dxe5 Bxf3 11. Qxf3 dxe5 12. Nc3 O-O 13. Be3 Bb4 14.
Red1 Qa5 15. Bd2 Rad8 16. a3 Be7 17. Nd5 Qb5 18. Nxe7+ Kh8 19. Bg5 1-0

[Event "III IRT NAVIDAD ALZIRA 2013"]
[Site "CLUB AJEDREZ ALZIRA, C/ Pedro "]
[Date "2013.12.27"]
[Round "2"]
[White "Gonzalvez Perales, Jose Luis"]
[Black "Alborch Lopez, Gonzalo"]
[Result "1-0"]
[WhiteElo "1986"]
[BlackElo "1539"]
[PlyCount "29"]
[EventDate "2013.12.27"]
[EventRounds "7"]
[EventCountry "ESP"]

1. e4 e5 2. Nf3 Nc6 3. Bb5 a6 4. Ba4 Bc5 5. O-O b5 6. Bb3 d6 7. c3 Nf6 8. d3
O-O 9. Bg5 h6 10. Bh4 Be6 11. Bc2 d5 12. d4 exd4 13. e5 g5 14. exf6 gxh4 15.
Qd3 1-0

[Event "III IRT NAVIDAD ALZIRA 2013"]
[Site "CLUB AJEDREZ ALZIRA, C/ Pedro "]
[Date "2013.12.27"]
[Round "2"]
[White "Ferrero Sanchis, Enrique"]
[Black "Benavent Espi, Vicente"]
[Result "0-1"]
[WhiteElo "1733"]
[BlackElo "1934"]
[PlyCount "92"]
[EventDate "2013.12.27"]
[EventRounds "7"]
[EventCountry "ESP"]

1. d4 Nf6 2. Bf4 c5 3. Nf3 cxd4 4. Bxb8 Rxb8 5. Qxd4 Qa5+ 6. c3 e6 7. Nbd2 Bc5
8. Qe5 d6 9. Qg5 Qd8 10. e3 O-O 11. Bd3 d5 12. Qh4 Bd6 13. Qa4 a6 14. h3 e5 15.
Be2 b5 16. Qc2 Bb7 17. a3 Rc8 18. Qb3 Qe7 19. O-O e4 20. Nd4 Qe5 21. f4 exf3
22. N2xf3 Qxe3+ 23. Kh1 Ne4 24. Nf5 Qxe2 25. Nxd6 Nxd6 26. Rae1 Qc4 27. Qxc4
dxc4 28. Nd4 Rfe8 29. Rd1 Ne4 30. Rf4 Ng3+ 31. Kh2 Ne2 32. Rg4 Nxd4 33. cxd4
Re4 34. Rxe4 Bxe4 35. Kg3 Bd3 36. Re1 Kf8 37. Re5 Rd8 38. d5 Re8 39. Kf4 Rxe5
40. Kxe5 Ke7 41. d6+ Kd7 42. g4 a5 43. Kd5 b4 44. axb4 axb4 45. Kd4 Bf1 46. h4
Ke6 0-1

[Event "III IRT NAVIDAD ALZIRA 2013"]
[Site "CLUB AJEDREZ ALZIRA, C/ Pedro "]
[Date "2013.12.27"]
[Round "2"]
[White "Gonzalvez Tamarit, Ivan"]
[Black "Castillo Pla, Emilio"]
[Result "1-0"]
[WhiteElo "1645"]
[BlackElo "1917"]
[PlyCount "57"]
[EventDate "2013.12.27"]
[EventRounds "7"]
[EventCountry "ESP"]

1. d4 g6 2. c4 Bg7 3. Nc3 d6 4. e4 Nf6 5. f3 Nc6 6. d5 Nb8 7. Be3 c5 8. Nge2 a6
9. Ng3 Nbd7 10. Be2 h5 11. O-O Rb8 12. a4 Ne5 13. h3 h4 14. Nh1 Ned7 15. Nf2
Nh5 16. Nh1 Ndf6 17. f4 Ng3 18. Nxg3 hxg3 19. e5 Nh5 20. exd6 exd6 21. f5 Qe7
22. Bd2 Bd4+ 23. Kh1 Be3 24. Bxe3 Qxe3 25. Bxh5 Rxh5 26. Re1 Qxe1+ 27. Qxe1+
Kf8 28. fxg6 Bxh3 29. gxh3 1-0

[Event "III IRT NAVIDAD ALZIRA 2013"]
[Site "CLUB AJEDREZ ALZIRA, C/ Pedro "]
[Date "2013.12.28"]
[Round "3"]
[White "Montalban Galvez, Antonio"]
[Black "Ribera Cebolla, Marc"]
[Result "1/2-1/2"]
[WhiteElo "2183"]
[BlackElo "2034"]
[PlyCount "48"]
[EventDate "2013.12.27"]
[EventRounds "7"]
[EventCountry "ESP"]

1. Nf3 c5 2. c4 Nf6 3. Nc3 b6 4. g3 Bb7 5. Bg2 e6 6. O-O Be7 7. d4 cxd4 8. Qxd4
Nc6 9. Qf4 Qb8 10. Rd1 d6 11. b3 O-O 12. Bb2 a6 13. Rac1 b5 14. cxb5 axb5 15.
Nxb5 e5 16. Qd2 Rxa2 17. Ra1 Ne4 18. Qc1 Rxa1 19. Qxa1 Ba8 20. Nc3 Nxc3 21.
Bxc3 Qxb3 22. Nd2 Qb5 23. e4 Qc5 24. Nf1 Qa7 1/2-1/2

[Event "III IRT NAVIDAD ALZIRA 2013"]
[Site "CLUB AJEDREZ ALZIRA, C/ Pedro "]
[Date "2013.12.28"]
[Round "3"]
[White "Barbero Verdu, Francisco"]
[Black "Pena Riasco, Alexander"]
[Result "0-1"]
[WhiteElo "2077"]
[BlackElo "2164"]
[PlyCount "82"]
[EventDate "2013.12.27"]
[EventRounds "7"]
[EventCountry "ESP"]

1. Nf3 d5 2. b3 Bf5 3. Bb2 e6 4. e3 Nf6 5. Bb5+ c6 6. Be2 h6 7. O-O Be7 8. d4
O-O 9. Bd3 Bxd3 10. Qxd3 Na6 11. c4 c5 12. Rd1 cxd4 13. Bxd4 dxc4 14. Qxc4 Qa5
15. Nc3 Nc7 16. a3 Rfc8 17. b4 Qh5 18. Qd3 Ncd5 19. Rac1 Nxc3 20. Rxc3 Rxc3 21.
Qxc3 Nd5 22. Qc4 a6 23. h3 Bf8 24. Rc1 Qf5 25. Bc5 Bxc5 26. bxc5 Nf6 27. c6
bxc6 28. Qxc6 Qe4 29. Nd4 Rb8 30. Qxa6 Rb2 31. Qc8+ Kh7 32. Qc3 Qb7 33. a4 Rxf2
34. Qd3+ Ne4 35. Rb1 Qa8 36. Rb8 Qxb8 37. Qxe4+ f5 38. Qh4 Ra2 39. Nxe6 Ra1+
40. Kf2 Qb2+ 41. Kg3 Qe5+ 0-1

[Event "III IRT NAVIDAD ALZIRA 2013"]
[Site "CLUB AJEDREZ ALZIRA, C/ Pedro "]
[Date "2013.12.28"]
[Round "3"]
[White "Carrasco Sagredo, Manuel"]
[Black "Carrasco Fernandez, Manuel"]
[Result "1-0"]
[WhiteElo "2148"]
[BlackElo "1836"]
[PlyCount "61"]
[EventDate "2013.12.27"]
[EventRounds "7"]
[EventCountry "ESP"]

1. b3 d5 2. Bb2 c5 3. e3 Nc6 4. Nf3 Bg4 5. h3 Bh5 6. Bb5 a6 7. Bxc6+ bxc6 8. g4
Bg6 9. Ne5 f6 10. Nxg6 hxg6 11. Nc3 e5 12. Qf3 Qc7 13. d3 Nh6 14. O-O-O Nf7 15.
h4 Nd8 16. g5 f5 17. h5 Rxh5 18. Rxh5 gxh5 19. Qxf5 Qd6 20. g6 h4 21. Na4 Qf6
22. Qxe5+ Qxe5 23. Bxe5 Ne6 24. f4 O-O-O 25. Rh1 Be7 26. f5 Ng5 27. Bxg7 h3 28.
f6 Bd6 29. Bh6 c4 30. Bxg5 Ba3+ 31. Kd1 1-0

[Event "III IRT NAVIDAD ALZIRA 2013"]
[Site "CLUB AJEDREZ ALZIRA, C/ Pedro "]
[Date "2013.12.28"]
[Round "3"]
[White "Benavent Espi, Vicente"]
[Black "Colls Gelaberto, Emili"]
[Result "0-1"]
[WhiteElo "1934"]
[BlackElo "2147"]
[PlyCount "104"]
[EventDate "2013.12.27"]
[EventRounds "7"]
[EventCountry "ESP"]

1. e4 c6 2. d4 d5 3. Nc3 dxe4 4. Nxe4 Nd7 5. Bd3 Ngf6 6. Nxf6+ Nxf6 7. c3 Bg4
8. f3 Bh5 9. Ne2 e6 10. Ng3 Bg6 11. Ne4 Be7 12. O-O O-O 13. Nxf6+ Bxf6 14. Bxg6
hxg6 15. Bf4 Qb6 16. Qb3 Rfd8 17. Qxb6 axb6 18. Rfd1 Rd5 19. a3 b5 20. Re1 Kf8
21. Kf2 Ra4 22. Be5 Ke7 23. Re2 Ra8 24. Rae1 Rh8 25. Bxf6+ gxf6 26. h3 Rhd8 27.
Re3 b6 28. Re4 Kd6 29. f4 Kc7 30. R1e2 Kb7 31. Kf3 Ka6 32. Kf2 Ka5 33. b3 Ka6
34. Ke3 c5 35. dxc5 Rd3+ 36. Kf2 Rxc3 37. b4 bxc5 38. bxc5 Rxc5 39. Rb2 Rdc8
40. a4 Rc2+ 41. Rxc2 Rxc2+ 42. Kf3 Rc3+ 43. Kf2 Rc4 44. Rxc4 bxc4 45. Ke3 Ka5
46. Kd4 Kb4 47. a5 Kxa5 48. Kxc4 Kb6 49. g4 Kc6 50. h4 Kd6 51. Kd4 e5+ 52. Ke4
Ke6 0-1

[Event "III IRT NAVIDAD ALZIRA 2013"]
[Site "CLUB AJEDREZ ALZIRA, C/ Pedro "]
[Date "2013.12.28"]
[Round "3"]
[White "Garcia Martin, Marta"]
[Black "Uran Bermudez, Oliver Kevin"]
[Result "1-0"]
[WhiteElo "1794"]
[BlackElo "2101"]
[PlyCount "105"]
[EventDate "2013.12.27"]
[EventRounds "7"]
[EventCountry "ESP"]

1. e4 c5 2. c3 d5 3. exd5 Qxd5 4. d4 cxd4 5. cxd4 Nc6 6. Nf3 Bg4 7. Be2 e6 8.
O-O Nf6 9. Nc3 Qd8 10. Be3 Bd6 11. h3 Bh5 12. Rc1 O-O 13. a3 Rc8 14. Qb3 Qe7
15. Rfd1 Na5 16. Qa2 Rfd8 17. b4 Nc6 18. Ng5 Bg6 19. d5 exd5 20. Nxd5 Nxd5 21.
Rxd5 h6 22. Nf3 Ne5 23. Nxe5 Rxc1+ 24. Bxc1 Bxe5 25. Rxd8+ Qxd8 26. Qd2 Bd4 27.
Bf3 b6 28. Bb2 Bxf2+ 29. Qxf2 Qg5 30. Qd4 f6 31. Qd5+ Qxd5 32. Bxd5+ Kf8 33.
Kf2 Ke7 34. Ke3 Kd6 35. Kd4 Be8 36. Bc1 g5 37. Bb2 Bb5 38. Be4 Bd7 39. g4 Bb5
40. Bg2 Bd7 41. Bc3 f5 42. gxf5 Bxf5 43. Bd2 Be6 44. Be3 a5 45. Kc3 Kc7 46. Bd4
h5 47. Be3 g4 48. h4 axb4+ 49. axb4 b5 50. Kd4 Kb6 51. Ke5+ Ka6 52. Kxe6 g3 53.
Bf4 1-0